<?xml version="1.0" encoding="UTF-8"?>
<record
    xmlns:xsi="http://www.w3.org/2001/XMLSchema-instance"
    xsi:schemaLocation="http://www.loc.gov/MARC21/slim http://www.loc.gov/standards/marcxml/schema/MARC21slim.xsd"
    xmlns="http://www.loc.gov/MARC21/slim">

  <leader>01595nam a22002177a 4500</leader>
  <controlfield tag="003">OSt</controlfield>
  <controlfield tag="005">20250818124132.0</controlfield>
  <controlfield tag="008">240918s2012    ag ||||| |||| 00| 0 spa d</controlfield>
  <datafield tag="020" ind1=" " ind2=" ">
    <subfield code="a">978-987-25834-3-9</subfield>
  </datafield>
  <datafield tag="040" ind1=" " ind2=" ">
    <subfield code="c">besoc</subfield>
  </datafield>
  <datafield tag="245" ind1="0" ind2="3">
    <subfield code="a">La ciudad en movimiento : </subfield>
    <subfield code="c">Sandra Fernandez</subfield>
    <subfield code="b">espacio p&#xFA;blico, sociedad y pol&#xED;tica : Rosario 1910-1940 /</subfield>
  </datafield>
  <datafield tag="250" ind1=" " ind2=" ">
    <subfield code="a">1a ed.</subfield>
  </datafield>
  <datafield tag="260" ind1=" " ind2=" ">
    <subfield code="a">Rosario :</subfield>
    <subfield code="b">ISHIR Conicet,</subfield>
    <subfield code="c">2012.</subfield>
  </datafield>
  <datafield tag="300" ind1=" " ind2=" ">
    <subfield code="a">196 p. ;</subfield>
    <subfield code="c">23 cm.</subfield>
  </datafield>
  <datafield tag="504" ind1=" " ind2=" ">
    <subfield code="a">Incluye bibliograf&#xED;a.</subfield>
  </datafield>
  <datafield tag="505" ind1="0" ind2=" ">
    <subfield code="a">Sociabilidad y pol&#xED;tica corporativa . &#xF1;a experiencia del Primer Congreso del Comercio Argentino : Rosario, 1911 / Fern&#xE1;ndez, Sandra -- Fomentismo y sociabilidad : el Centro Progresista de Barrio Echesortu : 1910-1915 / AQlvira, Pablo -- Sociabilidades rosarinas de entreguerra, el ox&#xED;moron de un urbanismo patri&#xF3;tico / Man, Ronen -- Diseminaci&#xF3;n verde : plazas y peque&#xF1;oa espacios libres en Rosario durante las entreguerras / Rold&#xE1;n, Diego P. -- Ciudad y vida : planificaci&#xF3;n sanitaria, espacio y municipio : Rosario 1925-1927 / Pascual, Cecilia M. -- Las recetas culinarias de Alfonso Longo editor : prescripciones del contenido y de la forma de la cocina en la Rosario de entreguerras / Caldo, Paula -- Diferencias est&#xE9;ticas, isntituciones y agrupaciones art&#xED;sticas : el arte en Rosario entre el Centenario y el inicio del Peronismo / Florio, Sabina -- Arte, pol&#xEC;tica y lenguajes realistas en la obra de Anselmo Piccoli / Rodr&#xED;guez, Jimena.</subfield>
  </datafield>
  <datafield tag="650" ind1=" " ind2="4">
    <subfield code="a">Rosario</subfield>
    <subfield code="x">historia</subfield>
    <subfield code="y">Siglo XX</subfield>
  </datafield>
  <datafield tag="650" ind1=" " ind2="4">
    <subfield code="a">Rosario</subfield>
    <subfield code="x">Sociedad</subfield>
    <subfield code="y">Siglo XX</subfield>
  </datafield>
  <datafield tag="700" ind1="1" ind2="0">
    <subfield code="a">Fern&#xE1;ndez, Sandra.</subfield>
  </datafield>
  <datafield tag="942" ind1=" " ind2=" ">
    <subfield code="2">udc</subfield>
    <subfield code="c">OG</subfield>
    <subfield code="n">0</subfield>
  </datafield>
  <datafield tag="999" ind1=" " ind2=" ">
    <subfield code="c">330</subfield>
    <subfield code="d">330</subfield>
  </datafield>
  <datafield tag="952" ind1=" " ind2=" ">
    <subfield code="0">0</subfield>
    <subfield code="1">0</subfield>
    <subfield code="2">udc</subfield>
    <subfield code="4">0</subfield>
    <subfield code="7">0</subfield>
    <subfield code="8">CG</subfield>
    <subfield code="a">ESOCIALES</subfield>
    <subfield code="b">ESOCIALES</subfield>
    <subfield code="d">2024-09-18</subfield>
    <subfield code="l">0</subfield>
    <subfield code="p">000424</subfield>
    <subfield code="r">2024-09-18 00:00:00</subfield>
    <subfield code="w">2024-09-18</subfield>
    <subfield code="y">OG</subfield>
  </datafield>
</record>
